Mezopotamya'yı Kontrol Etmiş Ülkeler - Statistics

General Stats
  • This quiz has been taken 891 times
  • The average score is 7 of 14
Answer Stats
Yıllar Devlet veya İmparatorluk % Correct
1533 - 1918 Osmanlı İmparatorluğu
92%
1932 - Irak
79%
113 - 117 Roma İmparatorluğu
67%
1918 - 1932 Birleşik Krallık
63%
2003 - 2011 Amerika Birleşik Devletleri
57%
651 - 1258 Abbâsîler
54%
MÖ 539 - MÖ 330 Ahameniş İmparatorluğu
54%
MÖ 620 - MÖ 539 Yeni Babil İmparatorluğu
53%
1258 - 1392 Moğol İmparatorluğu / Celâyir Sultanlığı
45%
MÖ 330 - MÖ 141 Seleukos İmparatorluğu
43%
MÖ 911 - MÖ 612 Yeni Asur İmparatorluğu
41%
1392 - 1405 Timur İmparatorluğu
38%
244 - 651 Sasani İmparatorluğu
29%
MÖ 141 - MS 224 Part İmparatorluğu
10%
No matching quizzes found
Score Distribution
Percent of People with Each Score
Percentile by Number Answered
Your Score History
You have not taken this quiz